| 000 | 00444nam a22001697a 4500 | ||
|---|---|---|---|
| 003 | OSt | ||
| 005 | 20211125110931.0 | ||
| 008 | 211125b |||||||| |||| 00| 0 eng d | ||
| 020 | _a0-07-869082-X | ||
| 040 | _cHawassa university | ||
| 050 | _a664/YOC | ||
| 082 | _a664/YOC | ||
| 100 |
_aYockey mehas kay _920511 |
||
| 245 | _aFood science the biochemistry of food and nutrition | ||
| 260 |
_aNew york _bMcGraw hill |
||
| 942 |
_2ddc _cBOOKS _n0 |
||
| 999 |
_c20113 _d20113 |
||